| 000 | 02365cam a22004454i 4500 | ||
|---|---|---|---|
| 003 | PE-LiUPU | ||
| 005 | 20250731165404.0 | ||
| 008 | 151002s2014 pe a grm 000 0 spa d | ||
| 035 | _a(Sirsi) a154751 | ||
| 040 |
_aPE-LiUPU _bspa _cPE-LiUPU _erda |
||
| 099 |
_aTF 3 _bF23 2014 |
||
| 100 | 1 |
_aFarfán Rodríguez, Daniel Josué _eautor |
|
| 245 | 1 |
_aRasgos de personalidad y su relación con la satisfacción marital en trabajadores de la Universidad Peruan Unión, 2013 / _cDaniel Josué Farfán Rodríguez. |
|
| 264 | 0 | _c2014. | |
| 300 |
_a99 hojas : _bilustraciones; _c30 cm |
||
| 336 |
_atext _2rdacontent |
||
| 337 |
_aunmediated _2rdamedia |
||
| 338 |
_avolume _2rdacarrier |
||
| 502 |
_aTesis _b(Mg.) -- _cUniversidad Peruana Unión, _d2014. |
||
| 504 | _aIncluye referencias | ||
| 520 | 3 | _aLa presente investigación tiene como objetivo identificar si existe relación significativa entre rasgos de personalidad y satisfacción marital en un grupo de 97 trabajadores de la Universidad Peruana Unión, de ambos sexos, entre 20 años de edad a más, de 0 a 41 años de casados a más. Para alcanzar tal propósito se empleó el Cuestionario EPQR Abreviado de Eysenck, Eysenck y Barrett (adaptado por Sandin, Valiente, Olmedo, Chorot y Santed, 2002) y el Inventario Multifacético de Satisfacción Marital (Coñetas, Rivera y Díaz-Loving, 2002). Los resultados muestran que en las mujeres el rasgo de personalidad neuroticismo tiene relación negativa y es altamente significativa con la satisfacción marital en las áreas de interacción, física sexual y recreación. Esto indica que a mayor inestabilidad emocional, las mujeres perciben menor interacción, menor expresión físico-corporal e insatisfacción en las propuestas de recreación por parte de sus parejas. | |
| 526 | _aSEG44 | ||
| 526 | _aSEG26 | ||
| 526 | _aP151 | ||
| 526 | _aP150 | ||
| 526 | _aP149 | ||
| 526 | _aP146 | ||
| 526 | _aP145 | ||
| 526 | _aP126 | ||
| 526 | _aP125 | ||
| 526 | _aP92 | ||
| 526 | _aP75 | ||
| 526 | _aP74 | ||
| 526 | _aP27 | ||
| 526 | _aP15 | ||
| 650 | 0 | 4 | _aPersonalidad y satisfacción marital (Universidad Peruana Unión) |
| 596 | _a1 | ||
| 942 |
_2ddc _cTESIS |
||
| 999 |
_aTF 3 F23 2014 _wALPHANUM _c7451 _iT01671 _d7451 _lCCODEBUL3 _mBUL _q1 _r1 _sY _tTESIS _u2015-10-2 _xPOSGRADO _PP54 _o.STAFF. Tesis |
||
| 980 |
_81 _gALBERTO SANCHEZ Responsable de Automatización |
||